| 000 | 01721cam a2200301 4500 | ||
|---|---|---|---|
| 001 | ABS67914 | ||
| 008 | 040615n2004 000 0 eng u | ||
| 035 | _a(Sirsi) u126482 | ||
| 245 | _aBrian John Faraday v Carmarthenshire CC | ||
| 260 | _c2004 | ||
| 490 |
_aEstates Gazette _v[2004] 33 EG 72-75(4) |
||
| 520 | _a[2004] EWCA Civ 649, 10 May 2004. Appeal by claimant (F) against a deduction of £66 345 made by the LT (ACQ/84/1997, unreported) when considering a claim for compensation for disturbance and losses for the compulsory acquisition of his freehold interest in a commercial property. The deduction was made to reflect the value of the freed-up time of F which in paragraph 3 is described as the time which F did not have to devote to his business activities due to loss of business caused by the CPO scheme when he could have been engaged in other profitable activities. Appeal allowed. Deduction for freed-up time reinstated in total value of compensation awarded. View decision at www.bailii.org. | ||
| 590 | _aABS | ||
| 590 | _aABS | ||
| 590 | _aABS | ||
| 650 | _aFARADAY V CARMARTHENSHIRE CC | ||
| 650 | _aCOMPENSATION | ||
| 650 | _aDISTURBANCE | ||
| 650 | _aLOSS OF PROFITS | ||
| 650 | _aFREEHOLD INTEREST | ||
| 650 | _aCOMPULSORY PURCHASE ORDERS | ||
| 650 | _aFREED-UP TIME | ||
| 690 | _aCOMPULSORY PURCHASE AND COMPENSATION-CASE LAW | ||
| 856 |
_uhttps://www.bailii.org/ew/cases/EWCA/Civ/2004/649.html _zView judgment on the BAILII website... |
||
| 856 |
_uhttps://www.bailii.org/ew/cases/EWCA/Civ/2004/649.html _zView judgment on the BAILII website... |
||
| 856 |
_uhttps://www.bailii.org/ew/cases/EWCA/Civ/2004/649.html _zView judgment on the BAILII website... |
||
| 942 | _n0 | ||
| 999 |
_c117519 _d117519 |
||